000 00972nmm a2200289 a 4500
001 ocm000552634
003 TR-IsHL
005 20201028123303.0
008 110704s2010 tu tur
007 cr cn
020 _a9789944466073
035 _a552634
_b(N$T)
050 0 4 _aBP75.27
_b.G96 2010
090 0 4 _aBP75.27
_b.G96 2010
100 1 _aGürbüz, Ahmet
245 1 0 _aHazreti Peygamber (S.A.V)'den müslümanlara öğütler
_h[electronic resource] /
_cAhmet Gürbüz ; ed. İbrahim Özbay
250 _a2. bs.
260 _aİstanbul :
_bİkidünya Yayınları,
_c2010
300 _a144 p.
650 4 _aFelsefe, Psikoloji ve Din
650 4 _aPhilosophy, Psychology and Religion
650 0 _aHz. Muhammed, 570-632
650 0 _aMuhammad, Prophet, 570-632
650 7 _aRELIGION / Islam / General
_2bisacsh
700 1 _aÖzbay, İbrahim
856 4 0 _uhttp://search.ebscohost.com/login.aspx?direct=true&scope=site&db=e011xww&AN=552634
999 _c2323
_d2323